000
00255nam a2200121 4500
008
190122s ||||xo d
245
1
0
_a
Encyklopedia lietadiel
250
_a
1. vydanie
020
_c
0
041
1
_a
slo
044
_a
xo
_c
SK
958
_a
APR
999
_c
22006
_d
22006